Shona customs: (Record no. 34083)
[ view plain ]
| 000 -LEADER | |
|---|---|
| fixed length control field | 00427nam a2200181Ia 4500 |
| 003 - CONTROL NUMBER IDENTIFIER | |
| control field | 0100 |
| 005 - DATE AND TIME OF LATEST TRANSACTION | |
| control field | 20180308145947.0 |
| 008 - FIXED-LENGTH DATA ELEMENTS--GENERAL INFORMATION | |
| fixed length control field | 130303s9999 xx 000 0 und d |
| 040 ## - CATALOGING SOURCE | |
| Transcribing agency | ARRUPELIB |
| 050 ## - LIBRARY OF CONGRESS CALL NUMBER | |
| Classification number | DT962.42.K54 1970 |
| 300 ## - PHYSICAL DESCRIPTION | |
| Other physical details | 21cm |
| 245 ## - TITLE STATEMENT | |
| Title | Shona customs: |
| Remainder of title | essays by African writers / |
| 260 ## - PUBLICATION, DISTRIBUTION, ETC. (IMPRINT) | |
| Place of publication, distribution, etc | Gweru |
| Name of publisher, distributor, etc | Mambo Press |
| Date of publication, distribution, etc | 1970 |
| 300 ## - PHYSICAL DESCRIPTION | |
| Extent | 104p. |
| 650 ## - SUBJECT ADDED ENTRY--TOPICAL TERM | |
| Topical term or geographic name as entry element | Shona (African people) |
| 9 (RLIN) | 15952 |
| 700 ## - ADDED ENTRY--PERSONAL NAME | |
| Personal name | Kileff, Peggy ; Kileff, Clive (ed) |
| 9 (RLIN) | 40397 |
| 942 ## - ADDED ENTRY ELEMENTS (KOHA) | |
| Source of classification or shelving scheme | Library of Congress Classification |
| Koha item type | Monograph ( Printed materials) |
| Withdrawn status | Lost status | Source of classification or shelving scheme | Damaged status | Not for loan | Collection code | Home library | Current library | Shelving location | Date acquired | Total Checkouts | Full call number | Barcode | Date last seen | Date checked out | Copy number | Price effective from | Koha item type |
|---|---|---|---|---|---|---|---|---|---|---|---|---|---|---|---|---|---|
| Library of Congress Classification | Main Collection | ARRUPE LIBRARY | ARRUPE LIBRARY | 04/03/2013 | 10 | DT962.42.K54 1970 | 46003042247 | 03/10/2024 | 05/02/2024 | 1 | 04/03/2013 | Monograph ( Printed materials) |